Библиографический указатель изобретений и рационализаторских предложений сотрудников научно-исследовательских институтов и кафедр туберкулеза медицинских институтов и институтов усовершенствования врачей за 1979-1981 гг. Вып. 4 (Запись № 6685398)

Подробности
000 -МАРКЕР
контрольное поле 01755nam2a22002411 4500
001 - ИДЕНТИФИКАТОР ЗАПИСИ
контрольное поле rc\935018
005 - ИДЕНТИФИКАТОР ВЕРСИИ
контрольное поле 20250622103547.0
035 ## - ДРУГИЕ СИСТЕМНЫЕ НОМЕРА
Идентификатор записи (NLR Aleph) 006243248
100 ## - ДАННЫЕ ОБЩЕЙ ОБРАБОТКИ
Данные общей обработки 20041129d1982 |||y0rusy50 ca
101 0# - ЯЗЫК РЕСУРСА
Язык текста, звукозаписи и т.д. русский
102 ## - СТРАНА ПУБЛИКАЦИИ ИЛИ ПРОИЗВОДСТВА
Страна публикации Российская Федерация
105 ## - ПОЛЕ КОДИРОВАННЫХ ДАННЫХ: ТЕКСТОВЫЕ МАТЕРИАЛЫ, МОНОГРАФИЧЕСКИЕ
Кодированные данные о монографическом текстовом документе y |||||||||
200 0# - ЗАГЛАВИЕ И СВЕДЕНИЯ ОБ ОТВЕТСТВЕННОСТИ
Основное заглавие Вып. 4
Первые сведения об ответственности [Подгот. д. м. н. Б.С. Демидов, к. м. н. Г.А. Гапонько, к. м. н. Л.И. Дмитриева, В.Н. Филиппова]
210 ## - ПУБЛИКАЦИЯ, РАСПРОСТРАНЕНИЕ И ДР.
Дата издания, распространения и т.д. 1982
Место издания, распространения и т.д. Б. м.
215 ## - ФИЗИЧЕСКАЯ ХАРАКТЕРИСТИКА
Специфическое обозначение материала и объем 66 с.
333 ## - ПРИМЕЧАНИЯ ОБ ОСОБЕННОСТЯХ РАСПРОСТРАНЕНИЯ И ИСПОЛЬЗОВАНИЯ
Текст примечания ДСП. Экз. № 8
461 #0 - УРОВЕНЬ НАБОРА
Встроенное поле 001rc\935017
-- 2001#$aБиблиографический указатель изобретений и рационализаторских предложений сотрудников научно-исследовательских институтов и кафедр туберкулеза медицинских институтов и институтов усовершенствования врачей за 1979-1981 гг.$fМ-во здравоохранения СССР, ЦНИИ туберкулеза$vВып. 4
Системный номер (АБИС) связанной записи 6685391
Место публикации М.
Дата публикации 1982
Первые сведения об ответственности М-во здравоохранения СССР, ЦНИИ туберкулеза
Имя издателя, распространителя и т.д. Б. и.
Заглавие Библиографический указатель изобретений и рационализаторских предложений сотрудников научно-исследовательских институтов и кафедр туберкулеза медицинских институтов и институтов усовершенствования врачей за 1979-1981 гг.
Номер тома Вып. 4
801 #0 - ИСТОЧНИК ЗАПИСИ
Страна Российская Федерация
Организация NLR
Правила каталогизации psbo
801 #1 - ИСТОЧНИК ЗАПИСИ
Страна Российская Федерация
Организация ELAR
Источник данных rusmarc
852 ## - МЕСТОНАХОЖДЕНИЕ И ШИФР ХРАНЕНИЯ
Идентификатор организации NLR
Шифр хранения (Call Number) 82-50К/5898
942 ## - ДОПОЛНИТЕЛЬНЫЕ ЭЛЕМЕНТЫ ЗАПИСИ (АБИС)
Тип экземпляра АБИС Книга
980 ## - КОЛЛЕКЦИЯ
Название коллекции Национальная библиография
Экземпляры
Тип экземпляра Дата поступления Библиотека постоянного хранения Библиотека текущего хранения Место хранения Шифр хранения Штрих-код Статус экземпляра
Книга 26.10.2013 РНБ (Московский) РНБ (Московский) Фонд литературы для служебного пользования 82-50К/5898 6243248-10